Greg Guillotin : Professions de la série "Pire Stagiaire" - Statistiques

Statistiques générales
  • Ce quiz a été pris 41 fois
  • Le résultat moyen est 9 sur 20
Statistiques - réponses
Réponse % Correct
Moniteur d'auto école
86%
Rappeur
81%
Gérant de gîte
65%
Installateur d'alarme
62%
Médecin
59%
Médecin
59%
Restaurateur
59%
Agent Immobilier
57%
Assistant Dentaire
49%
Pâtissier
49%
Coiffeur
46%
Agent Matrimonial
41%
Chanteur / Choriste
38%
Chauffeur Poids Lourd
38%
Garagiste
38%
Coach Sportif
19%
Guide de château
19%
Pépiniériste
16%
Comptable
14%
Opérateur (Orange)
0%
Aucun quiz correspondant
Distribution des résultats
% des personnes avec chaque résultat
Percentile par nombre de réponses
Votre historique - résultats
Vous n’avez pas pris ce quiz